00666nam a22001937a 450000500170000001000150001702000110003203500140004303700090005708200080006610000180007424500430009226000390013527000850017430000200025994200220027999900190030195201520032020250306155809.0 aENG-143976 c100.00 aEN-127508 bDBAD a881 aRadium979346 aRiver the Song of Tomorrow/cby Radium aHyderabadbJ.V. Publicationsc2018 aFlat No.103, Jaya Apartments, 3-6-18, Himayatnagar, HyderabadbHyderabade500029 a87p.b21cm(pbk) 2ddccENmRADh881 c210135d210135 001040708NFICaBNbBNd2025-03-06eDelivery of Books Act Divisiong100.00l0oRAD 881pEN-127508r2025-03-06 00:00:00t1v100.00w2025-03-06yEN